[Event "Paul Keres Memorial 2015"]
[Site "Tallinn EST"]
[Date "2016.01.09"]
[Round "8.3"]
[White "Svidler, Peter"]
[Black "Mikhalevski, Victor"]
[Result "1-0"]
[WhiteTitle "GM"]
[BlackTitle "GM"]
[WhiteElo "2751"]
[BlackElo "2528"]
[WhiteFideId "4102142"]
[BlackFideId "2801914"]
[EventDate "2016.01.08"]

1. e4 e5 2. Nf3 Nc6 3. Bb5 a6 4. Ba4 Nf6 5. Qe2 b5 6. Bb3 Bc5 7. c3 O-O 8. d3
Re8 9. h3 Bb7 10. Nbd2 Bb6 11. Nf1 d5 12. Ng3 Na5 13. Bc2 c5 14. O-O c4 15. dxc4
Nxe4 16. Nxe4 dxe4 17. Ng5 h6 18. Rd1 Qc7 19. Nxe4 Qxc4 20. Qg4 Qe6 21. Nd6 Qxg4
22. hxg4 Red8 23. b4 Bc7 24. Nxb7 Nxb7 25. Be3 Rxd1+ 26. Rxd1 Rd8 27. Rxd8+ Bxd8
28. Kf1 Bg5 29. Bxg5 hxg5 30. Ke2 Nd6 31. Kd3 Kf8 32. Bb3 Ke7 33. c4 g6 34. c5
Ne8 35. Ke4 Nf6+ 36. Kxe5 Nxg4+ 37. Kd4 Nf6 38. c6 Kd6 39. Bxf7 Kxc6 40. Bxg6
Kd6 41. Be4 Ne8 42. Bb7 Nc7 43. a3 Ne6+ 44. Ke4 a5 45. bxa5 Nc5+ 46. Kf5 Nd3 47.
a6 Kc7 48. Be4 1-0

[Event "Paul Keres Memorial 2015"]
[Site "Tallinn EST"]
[Date "2016.01.09"]
[Round "8.4"]
[White "Kovalenko, Igor"]
[Black "Motylev, Alexander"]
[Result "1-0"]
[WhiteTitle "GM"]
[BlackTitle "GM"]
[WhiteElo "2680"]
[BlackElo "2656"]
[WhiteFideId "14117908"]
[BlackFideId "4121830"]
[EventDate "2016.01.08"]

1. c4 c6 2. Nf3 d5 3. e3 Nf6 4. Nc3 e6 5. b3 Bd6 6. Bb2 O-O 7. d4 Nbd7 8. Qc2
Re8 9. h3 b6 10. g4 Bb7 11. g5 Ne4 12. Nxe4 dxe4 13. Qxe4 Bb4+ 14. Ke2 e5 15.
Rd1 Qe7 16. Bg2 a5 17. Nxe5 a4 18. Nxd7 Qxd7 19. Qc2 axb3 20. axb3 Be7 21. h4 f5
22. Bh3 Rf8 23. Ra1 Rae8 24. Ra7 Bd6 25. Kd1 Re7 26. h5 Qc8 27. e4 c5 28. d5 Qb8
29. Rxb7 Rxb7 30. Bxf5 Be5 31. h6 Bxb2 32. Qxb2 Qf4 33. Bxh7+ Kf7 34. hxg7 Qf3+
35. Ke1 Qxh1+ 36. Kd2 Qf3 37. g6+ Ke8 38. Qe5+ Kd7 39. gxf8=Q Qxf8 40. Qf5+ 1-0

[Event "Paul Keres Memorial 2015"]
[Site "Tallinn EST"]
[Date "2016.01.09"]
[Round "8.5"]
[White "Vitiugov, Nikita"]
[Black "Gelfand, Boris"]
[Result "0-1"]
[WhiteTitle "GM"]
[BlackTitle "GM"]
[WhiteElo "2721"]
[BlackElo "2735"]
[WhiteFideId "4152956"]
[BlackFideId "2805677"]
[EventDate "2016.01.08"]

1. d4 Nf6 2. c4 e6 3. Nc3 Bb4 4. Nf3 b6 5. Qb3 c5 6. Bg5 Bb7 7. e3 h6 8. Bh4 O-O
9. a3 Ba5 10. Be2 cxd4 11. exd4 d5 12. Rd1 Nbd7 13. O-O dxc4 14. Bxc4 Bxc3 15.
bxc3 Rc8 16. Be2 Qc7 17. c4 Nh5 18. Rfe1 Qf4 19. Bg3 Nxg3 20. hxg3 Qc7 21. Qe3
Rfd8 22. Rc1 Qc6 23. Bf1 Nf6 24. Ne5 Qe4 25. Qxe4 Nxe4 26. Red1 Rd6 27. g4 Rcd8
28. Nf3 Nc5 29. Re1 Nb3 30. c5 Nxc1 31. cxd6 Nb3 32. Rb1 Bd5 33. Ne5 Rxd6 34. a4
Nxd4 35. Rc1 Nc6 36. Nd3 g5 37. f3 Kg7 38. Nb2 Ne5 39. Rc7 Rd7 40. Rc3 Bc6 41.
a5 bxa5 42. Nd3 Nxd3 43. Bxd3 Rd6 44. Bc2 Bb5 0-1

[Event "Paul Keres Memorial 2015"]
[Site "Tallinn EST"]
[Date "2016.01.09"]
[Round "8.6"]
[White "Georgiev, Kiril"]
[Black "Berkes, Ferenc"]
[Result "1/2-1/2"]
[WhiteTitle "GM"]
[BlackTitle "GM"]
[WhiteElo "2624"]
[BlackElo "2652"]
[WhiteFideId "2900017"]
[BlackFideId "718572"]
[EventDate "2016.01.08"]

1. d4 Nf6 2. Nf3 b6 3. c4 Bb7 4. g3 g6 5. Bg2 Bg7 6. O-O O-O 7. d5 e6 8. Nc3
exd5 9. cxd5 Re8 10. Bf4 Na6 11. Rc1 Nc5 12. b4 Nce4 13. Nxe4 Nxe4 14. Bxc7 Qf6
15. e3 d6 16. Nd4 Ba6 17. b5 Bb7 18. a4 Bxd5 19. a5 bxa5 20. Bxa5 h5 21. Nc6 Qe6
22. Qd3 h4 23. Rfd1 Bb3 24. Bxe4 Bxd1 25. Ne7+ Qxe7 26. Bxa8 Rxa8 27. Rxd1 Rb8
28. Bb4 hxg3 29. hxg3 Qd7 30. Qxd6 Qxb5 31. Be1 Ra8 32. Qc7 Qb6 33. Qc4 a5 34.
Qa4 Qc5 35. Kg2 Bf6 36. e4 Rd8 37. Rxd8+ Bxd8 38. Qe8+ Qf8 39. Qd7 Bb6 40. Bc3
Qd8 41. Qb5 Bd4 42. Bxa5 Qf6 43. Qe2 Qc6 44. Qd3 Qc5 45. Be1 Qb6 46. Qc4 Qb2 47.
Qd3 Kg7 48. Bd2 Kg8 49. Kf3 Qb6 50. Be1 Qb2 51. Kg2 Kg7 52. Bd2 Kg8 53. Be3 Bxe3
54. Qxe3 Qb7 55. Qf3 Qc6 56. Qf4 Qc2 57. g4 Qc6 58. Qb8+ Kg7 59. Qe5+ Kg8 60.
Kg3 Qb6 61. Qe8+ Kg7 62. Qe5+ Kg8 63. Qc3 Qb8+ 64. e5 Qb6 65. Qe3 Qc6 66. Kf4
Qd5 67. Qc3 Qd7 68. Kg3 Qd5 69. Qc8+ Kg7 70. Qc3 Kg8 71. Qe3 Kg7 72. Qf4 Qb3+
73. Kh4 Qd5 74. Qf6+ Kg8 75. e6 Qxe6 76. Qxe6 fxe6 77. Kg5 Kf7 78. Kf4 Ke7 79.
Ke5 g5 80. Kd4 Kd6 81. Ke4 Kd7 82. Kd3 Kd6 83. Kd4 Kd7 84. Kc5 Kc7 85. Kc4 Kd6
86. Kd4 Kd7 87. Ke3 Kd6 88. Ke4 Kd7 89. Ke5 Ke7 90. Kd4 Kd6 91. Ke4 Kd7 92. Ke5
Ke7 93. f3 Kf7 94. Kd6 Kf6 95. Kd7 Kf7 96. Kd8 Kf8 97. Kd7 Kf7 98. Kd6 Kf6 99.
Kd7 Kf7 1/2-1/2

[Event "Paul Keres Memorial 2015"]
[Site "Tallinn EST"]
[Date "2016.01.09"]
[Round "8.7"]
[White "Fridman, Daniel"]
[Black "Neiksans, Arturs"]
[Result "1/2-1/2"]
[WhiteTitle "GM"]
[BlackTitle "GM"]
[WhiteElo "2624"]
[BlackElo "2607"]
[WhiteFideId "11600454"]
[BlackFideId "11601388"]
[EventDate "2016.01.08"]

1. d4 Nf6 2. c4 e6 3. Nc3 Bb4 4. g3 O-O 5. Bg2 d5 6. Nf3 dxc4 7. O-O Nc6 8. Bg5
h6 9. Bxf6 Qxf6 10. e3 Rb8 11. Nd2 Na5 12. Qh5 Qf5 13. Qe2 Qd3 14. Qxd3 cxd3 15.
Rac1 b6 16. a3 Be7 17. b4 Nb7 18. Nb5 c5 19. Nxa7 Bd7 20. dxc5 bxc5 21. b5 Na5
22. a4 Bd8 23. Rc3 Bb6 24. Nc6 Bxc6 25. bxc6 Rfd8 26. Rb1 c4 27. Nxc4 Nxc4 28.
Rxc4 Ba5 29. Rd1 Rb3 30. Rc5 Bc7 31. Rb5 Rxb5 32. axb5 f5 33. Bf1 d2 34. Bc4 Kf7
35. Kf1 Ke7 36. Ke2 Ba5 37. Ra1 d1=Q+ 38. Rxd1 Rxd1 39. Kxd1 e5 40. f4 exf4 41.
exf4 Bb6 42. Ke2 Kd6 43. Bd3 Ke6 44. Bc2 Kf6 45. Kd3 Ke6 46. Kc4 Kd6 47. Bxf5
Bg1 48. Kb4 Bxh2 49. Ka5 Kc7 50. Be4 Bg1 51. g4 Bb6+ 52. Kb4 Be3 53. f5 Kb6 54.
Kc4 Bf4 55. Bd3 Bb8 56. Kd5 Bc7 57. Ke6 Bb8 58. Kf7 Be5 59. Be2 Kc7 60. Ke6 Bf4
61. Bf1 Be3 62. Kd5 Bg5 63. Be2 Bf6 64. b6+ Kxb6 65. Kd6 Bd8 1/2-1/2

[Event "Paul Keres Memorial 2015"]
[Site "Tallinn EST"]
[Date "2016.01.09"]
[Round "8.8"]
[White "Kashtanov, Ruslan"]
[Black "Ganguly, Surya Shekhar"]
[Result "0-1"]
[WhiteTitle "IM"]
[BlackTitle "GM"]
[WhiteElo "2346"]
[BlackElo "2660"]
[WhiteFideId "4124871"]
[BlackFideId "5002150"]
[EventDate "2016.01.08"]

1. e4 e6 2. d4 d5 3. Nd2 c5 4. Ngf3 cxd4 5. Nxd4 Nf6 6. exd5 Nxd5 7. N2f3 Bb4+
8. Bd2 O-O 9. Bc4 e5 10. Nxe5 Re8 11. O-O Rxe5 12. Nf3 Bd6 13. Nxe5 Bxe5 14.
Bxd5 Qxd5 15. Bc3 Qxd1 16. Raxd1 Bc7 17. Be5 Bb6 18. Bd4 Bxd4 19. Rxd4 Nc6 20.
Rd6 Be6 21. Rfd1 Kf8 22. R1d2 Ke7 23. b3 g5 24. f3 h5 25. Kf2 Ne5 26. R6d4 h4
27. f4 Nc6 28. Re4 f5 29. Re3 gxf4 30. Rf3 Ne5 31. Rxf4 Ng4+ 32. Kg1 Rh8 33. h3
Nf6 34. Rdd4 Ne4 35. Rb4 b6 36. a4 Kd6 37. Rb5 Bd7 38. Rbxf5 Bxf5 39. Rxf5 Ng3
40. Rf7 Ke6 41. Rf3 Rd8 42. Re3+ Kf5 43. Kf2 Rd2+ 44. Kf3 Rxc2 45. Re7 Rc3+ 46.
Kf2 a5 47. Rf7+ Ke5 48. Re7+ Kf6 49. Re3 0-1

[Event "Paul Keres Memorial 2015"]
[Site "Tallinn EST"]
[Date "2016.01.09"]
[Round "8.9"]
[White "Tregubov, Pavel V."]
[Black "Yevseev, Denis"]
[Result "1-0"]
[WhiteTitle "GM"]
[BlackTitle "GM"]
[WhiteElo "2582"]
[BlackElo "2526"]
[WhiteFideId "4115341"]
[BlackFideId "4126378"]
[EventDate "2016.01.08"]

1. d4 d5 2. c4 c6 3. cxd5 cxd5 4. Bf4 Nc6 5. e3 Nf6 6. Nc3 Bf5 7. Qb3 Na5 8.
Qa4+ Bd7 9. Qc2 e6 10. Bd3 Rc8 11. Nf3 b5 12. a3 Be7 13. Ne5 Nc4 14. Qe2 O-O 15.
O-O Nxa3 16. Nxd7 Qxd7 17. Nxb5 Nc4 18. Nxa7 Ra8 19. b3 Bd6 20. bxc4 Bxf4 21.
Nb5 Rxa1 22. Rxa1 dxc4 23. Bxc4 Bb8 24. g3 Ne4 25. Bd3 Nd6 26. Nc3 g6 27. Na4
Qe7 28. Nc5 Rd8 29. Qb2 e5 30. Na6 Ba7 31. Nb4 Qb7 32. Rxa7 Qxa7 33. Nc6 Qa8 34.
Nxd8 e4 35. Nb7 exd3 36. Nxd6 Qc6 1-0

[Event "Paul Keres Memorial 2015"]
[Site "Tallinn EST"]
[Date "2016.01.09"]
[Round "8.10"]
[White "Balashov, Yuri S"]
[Black "Rakhmanov, Aleksandr"]
[Result "1/2-1/2"]
[WhiteTitle "GM"]
[BlackTitle "GM"]
[WhiteElo "2408"]
[BlackElo "2648"]
[WhiteFideId "4100263"]
[BlackFideId "4173708"]
[EventDate "2016.01.08"]

1. d4 Nf6 2. Nf3 g6 3. Bg5 Bg7 4. Nbd2 d6 5. c3 O-O 6. e4 Nc6 7. Be2 h6 8. Bh4
Nh5 9. O-O Nf4 10. Bb5 a6 11. Ba4 Bd7 12. d5 Nb8 13. Bb3 a5 14. a4 Na6 15. Bg3
Nh5 16. Qe2 Nc5 17. Bc2 e6 18. dxe6 Nxe6 19. Qe3 Re8 20. Rfe1 Qb8 21. Nb3 Qa7
22. Qxa7 Rxa7 23. Nbd4 Nxd4 24. Nxd4 Nxg3 25. hxg3 c6 26. Rad1 Bf8 27. Bb3 Raa8
28. Re3 Kg7 29. Rde1 Re5 30. Nf3 Ree8 31. Nd2 Re7 32. Nc4 Be6 33. Nb6 Ra6 34.
Nc4 Re8 35. R1e2 Rb8 36. Nd2 Bg4 37. f3 Bd7 38. Bc4 Raa8 39. Kh2 Re8 40. f4 Bg4
41. Nf3 Rad8 42. Re1 Re7 43. Bd3 Rde8 44. Nd4 Bd7 45. R3e2 h5 46. Nf3 Bg4 47.
Re3 Kg8 48. Nd2 d5 49. Nb3 dxe4 50. Rxe4 Rxe4 51. Rxe4 Rd8 52. Be2 Bf5 53. Re3
Ra8 54. Re5 b6 55. Bf3 Bd7 56. Re2 Rc8 57. Nd4 Kg7 58. Rd2 Be8 59. Nc2 Kf6 60.
Ne3 b5 61. axb5 cxb5 62. Nd5+ Kg7 63. Re2 Bd6 64. Rd2 Rd8 65. Rd1 Bb8 66. Ra1
Bc6 67. c4 bxc4 68. Rxa5 Bd6 69. Ra6 Bb5 70. Rb6 Be8 71. Nc3 Bc5 72. Rb7 Rc8 73.
Ne4 Bf8 74. Ng5 c3 75. bxc3 Rxc3 76. Bd5 Rd3 77. Bxf7 Bxf7 78. Nxf7 Kg8 79. Ne5
Rd6 80. g4 hxg4 81. Nxg4 Bg7 82. Kg3 Rd5 83. Kf3 Ra5 84. Ne3 Bd4 85. Nc4 Rc5 86.
Nd6 Rd5 87. Ne4 Ra5 88. Kg4 Rd5 89. g3 Ra5 90. Rd7 Ba1 91. Rd8+ Kg7 92. Ng5 Bf6
93. Rd7+ Kg8 94. Ne4 Ba1 1/2-1/2

[Event "Paul Keres Memorial 2015"]
[Site "Tallinn EST"]
[Date "2016.01.10"]
[Round "9.1"]
[White "Svidler, Peter"]
[Black "Howell, David W L"]
[Result "1-0"]
[WhiteTitle "GM"]
[BlackTitle "GM"]
[WhiteElo "2751"]
[BlackElo "2685"]
[WhiteFideId "4102142"]
[BlackFideId "410608"]
[EventDate "2016.01.08"]

1. e4 e5 2. Nf3 Nc6 3. Bb5 Nf6 4. d3 Bc5 5. c3 O-O 6. O-O d6 7. Bg5 h6 8. Bh4 g5
9. Bg3 Nh5 10. Nbd2 Qf6 11. Kh1 Qg6 12. Bc4 a5 13. a3 Kg7 14. b4 axb4 15. axb4
Rxa1 16. Qxa1 Bb6 17. Bd5 Ne7 18. Bb3 f5 19. exf5 Bxf5 20. d4 e4 21. Ne1 Nxg3+
22. hxg3 d5 23. Nc2 c6 24. Ne3 Be6 25. b5 Nf5 26. bxc6 bxc6 27. Qa6 Bc7 28. Qxc6
Bb8 29. Bxd5 Nxe3 30. fxe3 Qh5+ 31. Kg1 Bxg3 32. Qb7+ Rf7 33. Rxf7+ Bxf7 34.
Qxf7+ Qxf7 35. Bxf7 Kxf7 36. Nxe4 Bb8 37. g4 1-0

[Event "Paul Keres Memorial 2015"]
[Site "Tallinn EST"]
[Date "2016.01.10"]
[Round "9.2"]
[White "Duda, Jan-Krzysztof"]
[Black "Kovalenko, Igor"]
[Result "0-1"]
[WhiteTitle "GM"]
[BlackTitle "GM"]
[WhiteElo "2660"]
[BlackElo "2680"]
[WhiteFideId "1170546"]
[BlackFideId "14117908"]
[EventDate "2016.01.08"]

1. d4 Nf6 2. c4 e6 3. Nf3 b6 4. Nc3 Bb4 5. e3 Ne4 6. Qc2 Bb7 7. Bd3 Bxc3+ 8.
bxc3 f5 9. O-O O-O 10. Nd2 Nxd2 11. Bxd2 Qh4 12. f3 Nc6 13. Rab1 Rf6 14. Be1 Qh6
15. Kh1 d6 16. Bf2 Raf8 17. c5 dxc5 18. dxc5 Ne5 19. Be2 Rg6 20. Bg1 Qg5 21. Bb5
a6 22. Ba4 b5 23. Bb3 Rd8 24. Qe2 Nd3 25. h3 Nxc5 26. Bh2 Rd3 27. Bf4 Qe7 28.
Rbd1 Rxd1 29. Qxd1 Nxb3 30. Qxb3 h6 31. c4 e5 32. cxb5+ Kh7 33. Bh2 e4 34. bxa6
Bxa6 35. Rg1 exf3 36. gxf3 Rxg1+ 37. Bxg1 Be2 38. Qd5 Qg5 39. Kh2 Bf1 40. f4 Qh5
41. Kg3 Qxh3+ 42. Kf2 Ba6 43. Qg2 Qxg2+ 44. Kxg2 Kg6 45. Bf2 Kf7 46. Be1 c5 47.
Kg3 Bb7 48. Kh4 Bc6 49. Bc3 g6 50. Be5 Be8 51. Bd6 c4 52. Be5 Ke6 53. Bg7 h5 54.
Kg3 Kd5 55. Kf3 Ba4 56. Bf6 Bd1+ 57. Kf2 Ke4 58. Ke1 Ba4 59. Kd2 Bb5 60. Bg5 Kf3
61. Kc3 Kxe3 62. a4 Ba6 63. Kb4 Kf3 0-1

[Event "Paul Keres Memorial 2015"]
[Site "Tallinn EST"]
[Date "2016.01.10"]
[Round "9.4"]
[White "Neiksans, Arturs"]
[Black "Berkes, Ferenc"]
[Result "1/2-1/2"]
[WhiteTitle "GM"]
[BlackTitle "GM"]
[WhiteElo "2607"]
[BlackElo "2652"]
[WhiteFideId "11601388"]
[BlackFideId "718572"]
[EventDate "2016.01.08"]

1. Nf3 d5 2. g3 c6 3. Bg2 Bg4 4. d3 Nd7 5. Nbd2 e5 6. e4 Bd6 7. exd5 cxd5 8. c4
d4 9. Ne4 Bc7 10. Qb3 Rb8 11. Qa3 Ngf6 12. Nd6+ Bxd6 13. Qxd6 Qe7 14. Qxe7+ Kxe7
15. b3 b5 16. cxb5 Rxb5 17. Ba3+ Kd8 18. Ng5 Bh5 19. Kd2 h6 20. Ne4 Nxe4+ 21.
Bxe4 Re8 22. Rhc1 Re6 23. Rc4 Ra6 24. Ra4 Rba5 25. Rxa5 Rxa5 26. Bb4 Rb5 27. Bd6
Nc5 28. Bg2 Ra5 29. Kc2 e4 30. Bxe4 Nxe4 31. dxe4 Kd7 32. Bf8 g5 33. Kd3 Ra6 34.
Bc5 g4 35. Bxd4 Bg6 36. Ke3 h5 37. a4 Kc7 38. Rc1+ Kb7 39. Rc4 Re6 40. e5 a6 41.
b4 f6 42. Kf4 fxe5+ 43. Bxe5 Be8 44. Rc7+ Kb6 45. Rh7 Kc6 46. Rc7+ Kb6 47. Rc5
Rc6 48. Rxc6+ Kxc6 49. Kg5 Kd5 50. Bf6 Bxa4 51. Kxh5 Bd7 52. Bd8 Ke4 53. f4 Kf5
54. Bc7 Be8+ 55. Kh4 Bb5 56. Kh5 Be2 57. Kh6 Bd1 58. Kg7 Be2 59. Kf7 Bd1 60. Ke7
Be2 61. Kd6 Bd1 62. Kd5 Bf3+ 63. Kd4 Bc6 64. Ke3 Bd5 65. Kd4 Bc6 66. Kc5 Bb5 67.
Kd6 Be2 68. Ke7 Bd1 69. Kf7 Be2 70. Kg7 Bd1 71. Kh6 Be2 72. Kh5 Bf3 73. Kh4 Bg2
74. Bb8 Bf1 75. Kh5 Bg2 76. Be5 Bf3 77. Bb8 Be2 1/2-1/2

[Event "Paul Keres Memorial 2015"]
[Site "Tallinn EST"]
[Date "2016.01.10"]
[Round "9.5"]
[White "Ganguly, Surya Shekhar"]
[Black "Tregubov, Pavel V."]
[Result "1-0"]
[WhiteTitle "GM"]
[BlackTitle "GM"]
[WhiteElo "2660"]
[BlackElo "2582"]
[WhiteFideId "5002150"]
[BlackFideId "4115341"]
[EventDate "2016.01.08"]

1. e4 e6 2. d4 d5 3. Nc3 Bb4 4. e5 c5 5. a3 Bxc3+ 6. bxc3 Ne7 7. Qg4 Qc7 8. Qxg7
Rg8 9. Qxh7 cxd4 10. Ne2 Nbc6 11. f4 dxc3 12. h4 b6 13. h5 Bb7 14. h6 Rg6 15. a4
Nf5 16. g4 Rxg4 17. Bh3 Rg6 18. Bxf5 exf5 19. Qh8+ Kd7 20. Qxa8 Rxh6 21. e6+
Rxe6 22. Qf8 Nd4 23. Rh7 Kc6 24. Rh6 Qd7 25. Be3 Nxc2+ 26. Kf2 d4 27. Nxd4+ Nxd4
28. Rc1 Rxh6 29. Rxc3+ Kd5 30. Qxh6 Qxa4 31. Rd3 1-0

[Event "Paul Keres Memorial 2015"]
[Site "Tallinn EST"]
[Date "2016.01.10"]
[Round "9.7"]
[White "Jumabayev, Rinat"]
[Black "Romanov, Evgeny"]
[Result "1/2-1/2"]
[WhiteTitle "GM"]
[BlackTitle "GM"]
[WhiteElo "2607"]
[BlackElo "2617"]
[WhiteFideId "13702661"]
[BlackFideId "4148843"]
[EventDate "2016.01.08"]

1. d4 Nf6 2. c4 b6 3. Nc3 Bb7 4. Qc2 d5 5. Nf3 e6 6. Bf4 dxc4 7. e3 Nd5 8. Bg5
Be7 9. Bxe7 Qxe7 10. Bxc4 Nxc3 11. Qxc3 O-O 12. Be2 c5 13. dxc5 Rc8 14. b4 bxc5
15. b5 Nd7 16. O-O Nb6 17. Rfc1 c4 18. a4 Rc5 19. a5 Nd5 20. Qd4 Rxb5 21. a6 Bc6
22. Ne5 Be8 23. Bxc4 Rb4 24. Nd3 Rb6 25. Bxd5 exd5 26. Nf4 Rd8 27. Nxd5 Qe6 28.
Nf4 Rxd4 29. Nxe6 Rd2 30. Nd4 Kf8 31. Nf3 Re2 32. Nd4 Rd2 33. Nf3 Re2 34. Rc7
Ra2 35. Rd1 Rbxa6 36. Rcc1 Rb2 37. Rd8 Raa2 38. Ne1 Ke7 39. Ra8 Rxf2 40. Rxa7+
Rxa7 41. Kxf2 Ra2+ 42. Rc2 Rxc2+ 1/2-1/2

[Event "Paul Keres Memorial 2015"]
[Site "Tallinn EST"]
[Date "2016.01.10"]
[Round "9.8"]
[White "Sveshnikov, Vladimir"]
[Black "Vitiugov, Nikita"]
[Result "0-1"]
[WhiteTitle "IM"]
[BlackTitle "GM"]
[WhiteElo "2371"]
[BlackElo "2721"]
[WhiteFideId "11601884"]
[BlackFideId "4152956"]
[EventDate "2016.01.08"]

1. d4 Nf6 2. c3 g6 3. Bg5 Bg7 4. Nd2 h6 5. Bh4 d6 6. e4 O-O 7. Ngf3 Nh5 8. Qc2
c5 9. dxc5 dxc5 10. Bc4 Nc6 11. O-O g5 12. Bg3 g4 13. Ne1 Nxg3 14. hxg3 e6 15.
Rd1 Qg5 16. Nd3 Rb8 17. a4 a6 18. f4 gxf3 19. Nxf3 Qxg3 20. Nxc5 b5 21. axb5
axb5 22. Be2 b4 23. cxb4 Rxb4 24. Nd3 Nd4 25. Qd2 Rb3 26. Kh1 Ba6 27. Qa5 Rb5
28. Qd2 Rh5+ 29. Kg1 Nxf3+ 30. Rxf3 Bd4+ 31. Nf2 Qh2+ 32. Kf1 Qh1+ 33. Nxh1
Rxh1# 0-1

[Event "Paul Keres Memorial 2015"]
[Site "Tallinn EST"]
[Date "2016.01.10"]
[Round "9.9"]
[White "Volodin, Aleksandr"]
[Black "Fridman, Daniel"]
[Result "1-0"]
[WhiteTitle "GM"]
[BlackTitle "GM"]
[WhiteElo "2484"]
[BlackElo "2624"]
[WhiteFideId "4501950"]
[BlackFideId "11600454"]
[EventDate "2016.01.08"]

1. d4 d5 2. c4 dxc4 3. Nf3 Nf6 4. e3 b5 5. a4 b4 6. Bxc4 e6 7. Nbd2 Bb7 8. a5 a6
9. O-O Nbd7 10. Qe2 c5 11. Nb3 cxd4 12. exd4 Bd6 13. Ne5 O-O 14. Bg5 Qc7 15.
Bxf6 Nxf6 16. Rac1 Qe7 17. f4 Nd5 18. Nd3 Qf6 19. Qf2 Ra7 20. Nbc5 Ba8 21. Ne5
Qd8 22. f5 exf5 23. Bxd5 Bxd5 24. Qxf5 g6 25. Qg4 f6 26. Ne6 Qe7 27. Nxf8 Kxf8
28. Rce1 Qd8 29. Rc1 Kg7 30. Nc6 f5 31. Qh3 Qf6 32. Nxa7 Qxd4+ 33. Kh1 Qxa7 34.
Rcd1 Qb7 35. Rf2 Be5 36. Rfd2 Bc6 37. Qe3 Bc7 38. Qe7+ Kh6 39. Qh4+ Kg7 40. Rd7+ 1-0

[Event "Paul Keres Memorial 2015"]
[Site "Tallinn EST"]
[Date "2016.01.10"]
[Round "9.10"]
[White "Matlakov, Maxim"]
[Black "Goganov, Aleksey"]
[Result "1-0"]
[WhiteTitle "GM"]
[BlackTitle "GM"]
[WhiteElo "2682"]
[BlackElo "2591"]
[WhiteFideId "4168003"]
[BlackFideId "24109959"]
[EventDate "2016.01.08"]

1. c4 c5 2. Nf3 Nc6 3. d4 cxd4 4. Nxd4 e6 5. Nc3 Nf6 6. g3 Bc5 7. Nb3 Be7 8. Bg2
O-O 9. O-O d6 10. Bf4 h6 11. Rc1 e5 12. Be3 Be6 13. Nd5 Rc8 14. h3 Qd7 15. Kh2
b6 16. Qd2 Rfd8 17. Rfd1 Nh7 18. a4 Bg5 19. a5 Bxe3 20. Nxe3 Rb8 21. axb6 Rxb6
22. Qc3 Qe7 23. Nd5 Bxd5 24. Rxd5 Nf6 25. Rb5 Nb8 26. Qa5 Ra6 27. Qd2 Nbd7 28.
Na5 e4 29. b4 Ne5 30. Qd4 Nc6 31. Nxc6 Rxc6 32. e3 Rdc8 33. Ra5 a6 34. Bf1 Nh7
35. Kg2 Ng5 36. Be2 Nf3 37. Qd5 Rb6 38. Qf5 Rc7 39. b5 g6 40. Qf4 axb5 41. Qxh6
Rb8 42. Rb1 b4 43. Rxb4 Re8 44. Rd5 Rc5 45. Qf4 Ne1+ 46. Kf1 Rxd5 47. cxd5 Qc7
48. Rc4 Qa5 49. Qf6 Nd3 50. Qc3 Qxd5 51. Rd4 Qf5 52. Bxd3 Qxh3+ 53. Kg1 exd3 54.
Rh4 1-0

[Event "Paul Keres Memorial 2015"]
[Site "Tallinn EST"]
[Date "2016.01.10"]
[Round "10.1"]
[White "Kovalenko, Igor"]
[Black "Svidler, Peter"]
[Result "1-0"]
[WhiteTitle "GM"]
[BlackTitle "GM"]
[WhiteElo "2680"]
[BlackElo "2751"]
[WhiteFideId "14117908"]
[BlackFideId "4102142"]
[EventDate "2016.01.08"]

1. c4 g6 2. Nc3 c5 3. g3 Bg7 4. Bg2 Nc6 5. Nf3 d6 6. a3 e6 7. Rb1 Nge7 8. b4 O-O
9. O-O b6 10. Bb2 cxb4 11. axb4 Nxb4 12. Nd4 Rb8 13. Ndb5 Nec6 14. Ba3 a6 15.
Bxb4 Nxb4 16. Rxb4 axb5 17. Nxb5 Qe7 18. Ra4 d5 19. cxd5 exd5 20. d4 Bg4 21. Re1
Rfe8 22. Ra7 Qd8 23. Qd3 Re7 24. Rxe7 Qxe7 25. e3 Be6 26. Qb3 Qd8 27. Rb1 Bf8
28. Nc3 Rc8 29. Nxd5 h5 30. h4 g5 31. hxg5 Qxg5 32. Qb5 h4 33. gxh4 Qxh4 34. Nf4
Rc2 35. Rf1 Bd6 36. Qe8+ Kg7 37. Nxe6+ fxe6 38. Qd7+ Qe7 39. Qxe7+ Bxe7 40. Be4
Rb2 41. Kg2 Bh4 42. Kf3 Kf6 43. Bd3 Rd2 44. Be2 Rb2 45. Rh1 Kg5 46. Rc1 Kf6 47.
Rc6 b5 48. Rb6 Ke7 49. Rb7+ Kd6 50. Bxb5 e5 51. Rd7+ Ke6 52. d5+ Kf5 53. Bd3+
e4+ 54. Bxe4+ Ke5 55. Kg4 Kxe4 56. f3+ Kxe3 57. Kxh4 Kf4 58. Rf7+ Ke5 59. f4+
Kxd5 60. Re7 Kd6 61. Re3 Kd5 1-0

[Event "Paul Keres Memorial 2015"]
[Site "Tallinn EST"]
[Date "2016.01.10"]
[Round "10.2"]
[White "Howell, David W L"]
[Black "Gelfand, Boris"]
[Result "1/2-1/2"]
[WhiteTitle "GM"]
[BlackTitle "GM"]
[WhiteElo "2685"]
[BlackElo "2735"]
[WhiteFideId "410608"]
[BlackFideId "2805677"]
[EventDate "2016.01.08"]

1. Nf3 d5 2. g3 g6 3. Bg2 Bg7 4. d4 Nf6 5. O-O O-O 6. c4 c6 7. b3 dxc4 8. bxc4
c5 9. Bb2 Qb6 10. Qb3 Ne4 11. e3 Nc6 12. Ne5 Nd6 13. Nxc6 bxc6 14. dxc5 Qxc5 15.
Bxg7 Kxg7 16. Nd2 Be6 17. Rfc1 Rab8 18. Qc3+ Kg8 19. Nb3 Qxc4 20. Qxc4 Bxc4 21.
Na5 Bd5 22. Nxc6 Bxc6 23. Rxc6 Rfc8 24. Rac1 Rxc6 25. Bxc6 Rc8 1/2-1/2

[Event "Paul Keres Memorial 2015"]
[Site "Tallinn EST"]
[Date "2016.01.10"]
[Round "10.3"]
[White "Georgiev, Kiril"]
[Black "Ganguly, Surya Shekhar"]
[Result "0-1"]
[WhiteTitle "GM"]
[BlackTitle "GM"]
[WhiteElo "2624"]
[BlackElo "2660"]
[WhiteFideId "2900017"]
[BlackFideId "5002150"]
[EventDate "2016.01.08"]

1. d4 Nf6 2. Nf3 g6 3. c4 Bg7 4. g3 O-O 5. Bg2 d6 6. Nc3 Nbd7 7. O-O e5 8. e4
exd4 9. Nxd4 Nc5 10. h3 Re8 11. Re1 Bd7 12. Kh2 h6 13. Rb1 a5 14. b3 h5 15. f3
h4 16. g4 a4 17. b4 Ne6 18. Be3 Nxd4 19. Bxd4 Be6 20. Nd5 b5 21. Bxf6 Bxf6 22.
cxb5 Bxd5 23. Qxd5 Be5+ 24. Kg1 Qf6 25. Rbc1 Ra7 26. Re2 Bd4+ 27. Kh1 Qf4 28.
Rd1 Be5 29. Kg1 Rb8 30. a3 Rab7 31. Qc4 Rxb5 32. Qxc7 d5 33. Qc1 Qh2+ 34. Kf1 d4
35. Qc4 R5b7 36. f4 Rc7 37. Qd5 Rc1 38. Rxc1 Qxf4+ 39. Bf3 Qxf3+ 40. Rf2 Qh1+
41. Ke2 Qxc1 42. Rxf7 Qe3+ 43. Kf1 Qxh3+ 44. Ke2 Qe3+ 45. Kf1 Qh3+ 46. Ke2 Qe3+
47. Kf1 Qb3 48. Rg7+ Kxg7 49. Qxe5+ Kh7 50. Qc7+ Kh6 51. Qf4+ Kg7 52. Qe5+ Kf7
53. Qc7+ Kf6 54. e5+ Kg5 55. Qxb8 Qf3+ 56. Ke1 Qe3+ 57. Kf1 Qf3+ 58. Ke1 Qe3+
59. Kf1 h3 60. e6 Qxe6 61. b5 d3 62. Qd8+ Qf6+ 63. Qxf6+ Kxf6 64. b6 d2 65. Ke2
d1=Q+ 66. Kxd1 h2 0-1